ბათუმის შოთა რუსთაველის სახელმწიფო უნივერსიტეტის ბიბლიოთეკა

Зоология Беспозвоночных. (ბიბ.ჩანაწერი № 36334)

000 -LEADER
fixed length control field 00710nam a2200229Ia 4500
001 - CONTROL NUMBER
control field 2242
003 - CONTROL NUMBER IDENTIFIER
control field GE_BSU
008 - FIXED-LENGTH DATA ELEMENTS--GENERAL INFORMATION
fixed length control field 181216s||||||||xx |||||||||||||| ||und||
040 ## - CATALOGING SOURCE
Transcribing agency GE_BSU
080 ## - UNIVERSAL DECIMAL CLASSIFICATION NUMBER
Universal Decimal Classification number 59(075.8)
100 ## - MAIN ENTRY--PERSONAL NAME
Personal name Наталиб В.Ф.
245 ## - TITLE STATEMENT
Title Зоология Беспозвоночных.
245 ## - TITLE STATEMENT
Remainder of title Учебник для студ. педагогических ин-тов.Изд. 3-ье перер. и доп.
245 ## - TITLE STATEMENT
Statement of responsibility, etc. [Под. ред. О.Н.Сазоновой.]
260 ## - PUBLICATION, DISTRIBUTION, ETC.
Place of publication, distribution, etc. Москва
260 ## - PUBLICATION, DISTRIBUTION, ETC.
Name of publisher, distributor, etc. Просвещение
260 ## - PUBLICATION, DISTRIBUTION, ETC.
Date of publication, distribution, etc. 1975
300 ## - PHYSICAL DESCRIPTION
Extent 487 с. с ил.
653 ## - INDEX TERM--UNCONTROLLED
Uncontrolled term Зоология Беспозвоночных.
942 ## - ADDED ENTRY ELEMENTS (KOHA)
Koha item type წიგნი
ეგზემპლარები
Withdrawn status Lost status Damaged status Not for loan Date acquired Barcode Date last seen Price effective from Koha item type Public note
        2018-12-17 4360 2018-12-17 2018-12-17 წიგნი არბაზი